Las grietas de lo idéntico : el concepto de dialéctica negativa en Theodor W. Adorno

Enregistré dans:
Détails bibliographiques
Auteur principal: Garro Reyes, Juan Mauricio
Format: Livre
Langue:Undetermined
Publié: San José, Costa Rica Universidad de Costa Rica, Facultad de Letras, Escuela de Filosofía 2011
Sujets:
Tags: Ajouter un tag
Pas de tags, Soyez le premier à ajouter un tag!

MARC

LEADER 00000nam a2200000Ia 4500
008 170316s9999 xx 000 0 und d
040 |a cru BVZT 
090 |a TESIS 843 
100 |a Garro Reyes, Juan Mauricio 
245 |a Las grietas de lo idéntico : el concepto de dialéctica negativa en Theodor W. Adorno 
260 |a San José, Costa Rica 
260 |b Universidad de Costa Rica, Facultad de Letras, Escuela de Filosofía 
260 |c 2011 
300 |a 148 páginas 
650 |a TRABAJO FINAL DE GRADUACIÓN 
650 |a THEODOR W. ADORNO 
650 |a LA DIALÉCTICA 
650 |a DIALÉCTICA NEGATIVA 
650 |a DIALÉCTICA MODERNIDAD 
999 |c 14510  |d 14510 
942 |c TFG  |h TESIS 843  |2 z